[Event "ESP-Tch  1a Div"]
[Site "Ciudad Real"]
[Date "2004.08.26"]
[Round "4"]
[White "Markowski, Tomasz"]
[Black "Campora, Daniel Hugo"]
[Result "1/2-1/2"]
[WhiteElo "2605"]
[BlackElo "2557"]
[PlyCount "75"]
[EventDate "2004.08.23"]
[Source "Roberto Alvarez"]
[SourceDate "2004.09.06"]

1. g3 e5 2. c4 Nf6 3. Bg2 c6 4. Nc3 Bb4 5. Nf3 Qe7 6. O-O O-O 7. d3 Rd8 8. Qc2 d5 9. Bg5 dxc4 10. dxc4 Nbd7 11. a3 Bxc3 12. Qxc3 Re8 13. Nd2 h6 14. Be3 Ng4 15. Rfd1 f5 16. b4 Nxe3 17. Qxe3 Nf6 18. c5 Qf7 19. Qc3 Be6 20. e4 fxe4 21. Nxe4 Nxe4 22. Bxe4 Bd5 23. Re1 Rad8 24. Re3 Rf8 25. Rf1 Qf6 26. Rf3 Qe6 27. Re1 Rxf3 28. Bxf3 Bxf3 29. Qxf3 Rd5 30. Kg2 a5 31. Qe4 Qd7 32. h4 axb4 33. axb4 Rd4 34. Qxe5 Rxb4 35. Qb8+ Kh7 36. Qf8 Qd5+ 37. Kh2 Re4 38. Rxe4 1/2-1/2

[Event "1st League TCh-SCG"]
[Site "Budva"]
[Date "2003.09.09"]
[Round "11"]
[White "Istratescu, Andrei"]
[Black "Neverov, Valeriy"]
[Result "1/2-1/2"]
[WhiteElo "2586"]
[BlackElo "2566"]
[PlyCount "190"]
[EventDate "2003.08.29"]
[Source "Roberto Alvarez"]
[SourceDate "2003.10.27"]

1. c4 e5 2. Nc3 Nf6 3. g3 c6 4. d4 exd4 5. Qxd4 d5 6. Bg2 dxc4 7. Qxc4 Be6 8. Qa4 Nbd7 9. Nf3 Nc5 10. Qc2 Nd5 11. O-O Be7 12. Rd1 O-O 13. Nd4 Nxc3 14. Qxc3 Qc8 15. b3 Na6 16. Bb2 Bf6 17. Qc2 Rd8 18. Be4 h6 19. Nf5 Bxf5 20. Bxf5 Qc7 21. Bxf6 gxf6 22. Qc4 Rxd1+ 23. Rxd1 Rd8 24. Rxd8+ Qxd8 25. Bd3 Qa5 26. Qg4+ Kf8 27. Qc8+ Kg7 28. Qxb7 Nc5 29. Qxc6 Nxd3 30. exd3 Qxa2 31. Qc4 a5 32. Kg2 Qe2 33. Qe4 Qd1 34. Qd5 Qe2 35. h3 Qd2 36. Qd4 Qe1 37. Qg4+ Kf8 38. Qf4 Kg7 39. d4 Qb4 40. Qg4+ Kf8 41. Qf5 Qxb3 42. Qxa5 Qd3 43. Qc5+ Kg7 44. Qd6 Qe4+ 45. Kh2 h5 46. Qf4 Qd5 47. h4 Kg6 48. Kg1 Kg7 49. Qd2 Kg6 50. Kh2 Kg7 51. Qe3 Qc6 52. Kg1 Qd5 53. Kf1 Qb5+ 54. Ke1 Qb1+ 55. Ke2 Qb7 56. Qf4 Qd5 57. Ke3 Qb3+ 58. Ke2 Qd5 59. g4 hxg4 60. Qxg4+ Kh6 61. Qf4+ Kg7 62. f3 Qa2+ 63. Kf1 Qc2 64. Qe4 Qd2 65. d5 Kh6 66. Qe7 Qxd5 67. Qxf6+ Kh7 68. Qf4 Qa2 69. Kg1 Kg6 70. Qg5+ Kh7 71. Qf6 Kg8 72. Qg5+ Kh7 73. Qg2 Qd5 74. Kh2 Qe6 75. Qc2+ Kg7 76. Qe4 Qd6+ 77. Kh3 Kf8 78. Kg4 Kg7 79. Qf4 Qe6+ 80. Qf5 Qc4+ 81. Kh5 Qa6 82. Qe5+ Kh7 83. Kg5 Kg8 84. h5 Kh7 85. f4 Qc6 86. Kf5 Qb6 87. Qd5 Kg7 88. Ke4 Qb1+ 89. Ke5 Qb2+ 90. Kf5 Qb1+ 91. Qe4 Qxe4+ 92. Kxe4 Kh6 93. Kf5 Kxh5 94. Kf6 Kg4 95. f5 Kf4 1/2-1/2

[Event "Amsterdam  .71)"]
[Site "?"]
[Date "1971.??.??"]
[Round "27.7"]
[White "Evans, Larry M"]
[Black "Keres, Paul"]
[Result "1/2-1/2"]
[WhiteElo "2550"]
[BlackElo "2600"]
[PlyCount "81"]
[EventDate "1971.??.??"]
[Source "www.chesslib.no"]
[SourceDate "2004.05.04"]

1. c4 e5 2. Nc3 Nf6 3. g3 c6 4. Nf3 e4 5. Nd4 d5 6. cxd5 Qb6 7. Qa4 Bc5 8. dxc6 O-O 9. cxb7 Bxb7 10. e3 Bxd4 11. Qxd4 Qxd4 12. exd4 Nc6 13. Bg2 Nxd4 14. O-O Ba6 15. Rd1 Rfe8 16. b3 Bd3 17. Bb2 Rad8 18. h3 h5 19. Rac1 Nh7 20. Kh1 Ng5 21. Na4 Ngf3 22. Bxd4 Rxd4 23. Nc3 Ba6 24. a3 f5 25. Rc2 Rc8 26. b4 Rd7 27. Bxf3 exf3 28. Re1 Rcd8 29. Kg1 h4 30. b5 Bb7 31. gxh4 Kf7 32. Rcc1 Rh8 33. Re5 Rxh4 34. Kh2 f4 35. Rce1 Rxd2 36. Re7+ Kg6 37. Rg1+ Kf6 38. Rgxg7 Rxf2+ 39. Kg1 Rc2 40. Rgf7+ Kg6 41. Rg7+ 1/2-1/2

[Event "Graz"]
[Site "?"]
[Date "2006.11.03"]
[Round "1"]
[White "Boensch Uwe"]
[Black "Ftacnik Lubomir"]
[Result "1/2-1/2"]
[WhiteElo "2524"]
[BlackElo "2580"]
[PlyCount "56"]
[EventDate "2006.??.??"]
[Source "www.chesslib.no"]
[SourceDate "2004.05.04"]

1. c4 Nf6 2. Nc3 e5 3. g3 c6 4. Nf3 d6 5. Bg2 Be7 6. O-O O-O 7. e4 Bg4 8. h3 Bh5 9. d4 Nbd7 10. Be3 Re8 11. Re1 exd4 12. Qxd4 Ne5 13. Nxe5 dxe5 14. Qxe5 Ba3 15. Qd4 Bxb2 16. Rab1 Bxc3 17. Qxc3 Nxe4 18. Qd4 Qxd4 19. Bxd4 Nd2 20. Rxe8+ Rxe8 21. Rxb7 Nf3+ 22. Bxf3 Bxf3 23. Be5 a6 24. Rb8 Rxb8 25. Bxb8 Be2 26. c5 f6 27. f4 Kf7 28. a4 Bd1 1/2-1/2

[Event "Mind Sports Games - Rapid Team"]
[Site "Pechino CINA"]
[Date "2008.10.15"]
[Round "6"]
[White "Miezis, N."]
[Black "Leon Hoyos, M."]
[Result "1-0"]
[WhiteElo "2552"]
[BlackElo "2535"]
[PlyCount "75"]
[EventDate "2008.10.14"]
[Source "www.chesslib.no"]
[SourceDate "2004.05.04"]

1. c4 e5 2. Nc3 Nf6 3. g3 c6 4. Nf3 e4 5. Nd4 g6 6. Bg2 d5 7. cxd5 cxd5 8. d3 Bg7 9. O-O O-O 10. Bf4 exd3 11. Qxd3 Nc6 12. Rad1 Qb6 13. Nb3 Bf5 14. Qb5 Rfd8 15. Qxb6 axb6 16. Bc7 Re8 17. Bxb6 Nb4 18. Nd4 Nxa2 19. Ncb5 Ra6 20. Bc5 Rc8 21. Ba3 Bf8 22. Bxf8 Kxf8 23. Nxf5 gxf5 24. Nd4 Nb4 25. Bh3 Ra2 26. Bxf5 Rc4 27. b3 Rc7 28. Ra1 Rd2 29. Rfd1 Rb2 30. Ra8+ Kg7 31. Bd3 Ne4 32. Bxe4 dxe4 33. Nf5+ Kf6 34. Rd6+ Kxf5 35. Ra5+ Kg4 36. h3+ Kxh3 37. Rh6+ Kg4 38. Rh4# 1-0

[Event "DEN Ch KO"]
[Site "?"]
[Date "2005.03.22"]
[Round "2.1"]
[White "Hansen Curt"]
[Black "Aagaard Jacob"]
[Result "1-0"]
[WhiteElo "2633"]
[BlackElo "2449"]
[PlyCount "53"]
[EventDate "2005.??.??"]
[Source "www.chesslib.no"]
[SourceDate "2004.05.04"]

1. c4 e5 2. Nc3 Nf6 3. g3 c6 4. Nf3 e4 5. Nd4 Qb6 6. Nb3 d5 7. cxd5 cxd5 8. d3 Nc6 9. Bg2 exd3 10. Be3 Qa6 11. exd3 Bg4 12. Qd2 Rd8 13. O-O Be7 14. Nc5 Qb6 15. Nd7 Qa5 16. Nxf6+ Bxf6 17. Bg5 Bxc3 18. Rfe1+ Kf8 19. bxc3 f6 20. Qf4 Bh5 21. Bxf6 gxf6 22. Qh6+ Kg8 23. Qxh5 Ne5 24. Qf5 Kg7 25. Rxe5 fxe5 26. Qxe5+ Kf7 27. c4 1-0

[Event "It"]
[Site "It Bad Lauterberg"]
[Date "1977.??.??"]
[Round "?"]
[White "Keene, Raymond D"]
[Black "Torre, Eugenio"]
[Result "0-1"]
[WhiteElo "2510"]
[BlackElo "2550"]
[PlyCount "110"]
[EventDate "1977.??.??"]
[Source "www.chesslib.no"]
[SourceDate "2004.05.04"]

1. c4 e5 2. Nc3 d6 3. Nf3 Nf6 4. g3 c6 5. Bg2 Be7 6. O-O O-O 7. Qc2 Bg4 8. Rd1 Nbd7 9. d4 Qc7 10. b3 Rfe8 11. Bb2 Bf8 12. Nh4 Rac8 13. h3 Bh5 14. d5 Nb6 15. Rac1 cxd5 16. cxd5 Nfd7 17. Qf5 g6 18. Qb1 Qd8 19. Nf3 f5 20. Nh2 Nf6 21. Re1 Bh6 22. Rcd1 Qd7 23. a4 g5 24. Qd3 a6 25. Rc1 Bg6 26. e4 g4 27. Rcd1 f4 28. hxg4 fxg3 29. fxg3 Rf8 30. Rf1 Rc7 31. Qe2 Qc8 32. Rd3 Nbd7 33. g5 Bxg5 34. Bh3 Qd8 35. Nf3 Bh6 36. Nh4 Nc5 37. Nxg6 hxg6 38. Rdf3 Nxb3 39. Nb5 axb5 40. Rxb3 bxa4 41. Rbf3 Nh7 42. Ba3 Rxf3 43. Qxf3 Bd2 44. Qd3 Bg5 45. Bb4 Rc1 46. Qb5 Qc7 47. Qxa4 Be3+ 48. Kg2 Rxf1 49. Kxf1 Qc4+ 50. Ke1 Nf6 51. Qa3 Qxe4 52. Kd1 Qf3+ 53. Kc2 Qe2+ 54. Kb1 Qd1+ 55. Ka2 Bd4 0-1

[Event "Bad Lauterberg"]
[Site "Bad Lauterberg"]
[Date "1977.??.??"]
[Round "5"]
[White "Keene, Raymond"]
[Black "Torre, Eugenio"]
[Result "0-1"]
[WhiteElo "2510"]
[BlackElo "2550"]
[PlyCount "112"]
[EventDate "1977.03.??"]
[Source "www.chesslib.no"]
[SourceDate "2004.05.04"]

1. c4 e5 2. Nc3 d6 3. Nf3 Nf6 4. g3 c6 5. Bg2 Be7 6. O-O O-O 7. Qc2 Bg4 8. Rd1 Nbd7 9. d4 Qc7 10. b3 Rfe8 11. Bb2 Bf8 12. Nh4 Rac8 13. h3 Bh5 14. d5 Nb6 15. Rac1 cxd5 16. cxd5 Nfd7 17. Qf5 g6 18. Qb1 Qd8 19. Nf3 f5 20. Nh2 Nf6 21. Re1 Bh6 22. Rcd1 Qd7 23. a4 g5 24. Qd3 a6 25. Rc1 Bg6 26. e4 g4 27. Rcd1 f4 28. hxg4 fxg3 29. fxg3 Rf8 30. Rf1 Rc7 31. Qe2 Qc8 32. Rd3 Nbd7 33. g5 Bxg5 34. Bh3 Qd8 35. Nf3 Bh6 36. Nh4 Nc5 37. Nxg6 hxg6 38. Rdf3 Nxb3 39. Nb5 axb5 40. Rxb3 bxa4 41. Rbf3 Nh7 42. Be6+ Kg7 43. Ba3 Rxf3 44. Qxf3 Bd2 45. Qd3 Bg5 46. Bb4 Rc1 47. Qb5 Qc7 48. Qxa4 Be3+ 49. Kg2 Rxf1 50. Kxf1 Qc4+ 51. Ke1 Nf6 52. Qa3 Qxe4 53. Kd1 Qf3+ 54. Kc2 Qe2+ 55. Kb1 Qd1+ 56. Ka2 Bd4 0-1

[Event "HUN Ch"]
[Site "HUN"]
[Date "1975.??.??"]
[Round "?"]
[White "Portisch, Lajos"]
[Black "Tompa, Janos"]
[Result "1/2-1/2"]
[WhiteElo "2635"]
[BlackElo "2415"]
[PlyCount "80"]
[EventDate "1975.??.??"]
[Source "www.chesslib.no"]
[SourceDate "2004.05.04"]

1. c4 e5 2. Nc3 Nf6 3. g3 c6 4. Nf3 e4 5. Nd4 d5 6. cxd5 Qb6 7. Nb3 cxd5 8. Bg2 Bf5 9. d3 Bb4 10. Be3 Qc7 11. O-O Bxc3 12. Rc1 Nc6 13. Rxc3 O-O 14. Nd4 Qd7 15. Nxc6 bxc6 16. Qa4 Rfb8 17. b3 a5 18. Rfc1 exd3 19. exd3 Qd8 20. Qf4 Bd7 21. Bc5 Rb7 22. R3c2 Rc8 23. h3 h6 24. Qe5 Be8 25. Qe1 Nh7 26. f4 Bd7 27. Kh2 Bf5 28. Qe3 Nf6 29. Bd4 Bd7 30. Bc5 Be6 31. Kh1 a4 32. b4 d4 33. Qe5 Bd5 34. a3 Qd7 35. Kh2 Re8 36. Qxd4 Qf5 37. g4 Nxg4+ 38. hxg4 Qxg4 39. Bxd5 Rd7 40. Bxf7+ Rxf7 1/2-1/2

[Event "Dresden op"]
[Site "Dresden"]
[Date "1996.??.??"]
[Round "7"]
[White "Miezis, Normunds"]
[Black "Maiwald, Jens Uwe"]
[Result "1/2-1/2"]
[WhiteElo "2530"]
[BlackElo "2490"]
[PlyCount "145"]
[EventDate "1996.07.??"]
[Source "ChessBase"]

1. c4 Nf6 2. Nc3 e5 3. g3 c6 4. Nf3 d6 5. d4 e4 6. Ng5 d5 7. cxd5 cxd5 8. Bg2 h6 9. Nh3 Nc6 10. O-O Bb4 11. f3 exf3 12. exf3 O-O 13. Nf4 Re8 14. Qd3 Ba5 15. Be3 Nb4 16. Qd2 Bf5 17. Bf2 g5 18. g4 Bh7 19. Nfe2 Nd3 20. h4 Nd7 21. f4 Rxe2 22. Qxe2 Nxf4 23. Qd2 Nb6 24. hxg5 Nxg2 25. Kxg2 Be4+ 26. Kg1 Nc4 27. Qc1 Bxc3 28. bxc3 hxg5 29. Bg3 f6 30. Qe1 Qe7 31. Rf2 Kg7 32. Qe2 Qd7 33. Raf1 Rh8 34. Rh2 Rxh2 35. Kxh2 Kg6 36. Kg1 Qh7 37. Qh2 Qxh2+ 38. Bxh2 Ne3 39. Re1 Nxg4 40. Bb8 a6 41. c4 f5 42. c5 f4 43. Re2 f3 44. Rd2 Ne3 45. Rb2 Nf5 46. Be5 g4 47. Kf2 g3+ 48. Bxg3 Nxd4 49. Rxb7 Nc6 50. Rb6 d4 51. Rxa6 Kf5 52. Ra8 Ke6 53. Bd6 Kd5 54. Re8 Bg6 55. Rc8 Bf5 56. Rc7 Be4 57. Rb7 Kc4 58. a3 Kc3 59. Rd7 d3 60. Bf4 Kc2 61. Ke3 Ne7 62. Bg5 Bc6 63. Rd8 Nf5+ 64. Kf2 Kc3 65. Bf4 Kc4 66. Rf8 Nd4 67. Rf6 Kxc5 68. Be3 Kd5 69. Rf4 Nb5 70. a4 Nc3 71. Kxf3 Ke5+ 72. Kg4 Bd7+ 73. Kf3 1/2-1/2

[Event "MTO"]
[Site "Biel"]
[Date "2004.07.28"]
[Round "9"]
[White "Roiz, Michael"]
[Black "Mahesh Chandran, Panjanathan"]
[Result "0-1"]
[WhiteElo "2574"]
[BlackElo "2441"]
[PlyCount "84"]
[EventDate "2004.07.19"]
[Source "Roberto Alvarez"]
[SourceDate "2004.08.10"]

1. Nf3 Nf6 2. g3 d6 3. Bg2 e5 4. c4 c6 5. Nc3 Be7 6. O-O O-O 7. d3 Nbd7 8. e4 a6 9. a4 a5 10. h3 Nc5 11. Rb1 Re8 12. Be3 Bf8 13. Qe2 g6 14. Rfd1 Qe7 15. Re1 Bg7 16. Rbd1 Nfd7 17. d4 exd4 18. Nxd4 Na6 19. f4 Ndc5 20. Bf2 Be6 21. b3 Rad8 22. Rd2 Bc8 23. Qd1 Qc7 24. Ndb5 cxb5 25. Nd5 Qd7 26. axb5 Nc7 27. Nb6 Qe7 28. Nxc8 Rxc8 29. Rxd6 Nxb3 30. e5 a4 31. Bxb7 Ne6 32. Bxc8 Rxc8 33. b6 Bf8 34. Rd7 Qb4 35. Rxf7 Bc5 36. Rf6 Qxb6 37. Rf1 Bxf2+ 38. Rxf2 Rd8 39. Qg4 Nbc5 40. f5 Nd3 41. fxe6 Nxf2 42. e7 Nxh3+ 0-1

[Event "ch-UKR, Ordzhonikidze UKR"]
[Site "?"]
[Date "2001.??.??"]
[Round "1"]
[White "Zubarev, A1."]
[Black "Vysochin, S."]
[Result "0-1"]
[WhiteElo "2470"]
[BlackElo "2540"]
[PlyCount "66"]
[EventDate "2001.??.??"]
[Source "www.chesslib.no"]
[SourceDate "2004.05.04"]

1. c4 e5 2. g3 Nf6 3. Bg2 c6 4. Nc3 Bb4 5. e4 O-O 6. Nge2 d6 7. O-O a6 8. d4 b5 9. cxb5 axb5 10. h3 Re8 11. Be3 exd4 12. Bxd4 Bxc3 13. Nxc3 b4 14. Bxf6 Qxf6 15. Nb5 Rd8 16. Nd4 Ra7 17. f4 c5 18. Nb3 Nc6 19. Rf2 c4 20. Nd2 c3 21. bxc3 bxc3 22. Nb3 Be6 23. Rc1 Nb4 24. Nd4 Rc8 25. Nb5 Rxa2 26. Nxd6 Rxf2 27. Kxf2 c2 28. Qd2 Qc3 29. Qxc3 Rxc3 30. Nb5 Rc5 31. Bf1 Na2 32. Ra1 c1=Q 33. Rxa2 Bxa2 0-1

[Event "X Open internazionale"]
[Site "Banyoles SPA"]
[Date "2007.08.22"]
[Round "7"]
[White "Marin, Mihail"]
[Black "Feller, Sebastien"]
[Result "1/2-1/2"]
[WhiteElo "2533"]
[BlackElo "2476"]
[PlyCount "47"]
[EventDate "2007.08.16"]
[Source "www.chesslib.no"]
[SourceDate "2004.05.04"]

1. c4 Nf6 2. Nc3 e5 3. g3 c6 4. d4 exd4 5. Qxd4 d5 6. Nf3 Na6 7. Bg2 Nb4 8. O-O dxc4 9. Qxc4 Be6 10. Qh4 Be7 11. Bg5 Nfd5 12. a3 Nxc3 13. axb4 Bxg5 14. Nxg5 Nxe2+ 15. Kh1 h6 16. Nxe6 Qxh4 17. Nxg7+ Kf8 18. gxh4 Kxg7 19. b5 Nd4 20. bxc6 Nxc6 21. Rg1 Kf6 22. Bxc6 bxc6 23. Rgc1 Rhc8 24. Ra6 1/2-1/2

[Event "Munich"]
[Site "Munich"]
[Date "1989.??.??"]
[Round "?"]
[White "Bischoff, Klaus"]
[Black "Hickl, Joerg"]
[Result "1/2-1/2"]
[WhiteElo "2505"]
[BlackElo "2500"]
[PlyCount "55"]
[EventDate "1989.04.??"]
[Source "ChessBase"]

1. c4 e5 2. Nc3 Nf6 3. g3 c6 4. Nf3 d6 5. Bg2 Be7 6. O-O O-O 7. c5 Nbd7 8. cxd6 Bxd6 9. Qc2 Re8 10. Rd1 Qe7 11. d4 a5 12. Bg5 h6 13. dxe5 Bxe5 14. Nxe5 Nxe5 15. Bf4 Bg4 16. h3 Bh5 17. b3 Bg6 18. Qb2 Qb4 19. Rd2 Ned7 20. a3 Qb6 21. e4 Rad8 22. Rad1 Nf8 23. Na4 Rxd2 24. Rxd2 Qa7 25. Be3 Qb8 26. Bf4 Qa7 27. Be3 Qb8 28. Bf4 1/2-1/2

[Event "Pamplona op"]
[Site "Pamplona"]
[Date "2000.??.??"]
[Round "8"]
[White "Komljenovic, Davor"]
[Black "Mellado Trivino, Juan"]
[Result "0-1"]
[WhiteElo "2506"]
[BlackElo "2493"]
[PlyCount "148"]
[EventDate "2000.??.??"]
[Source "www.chesslib.no"]
[SourceDate "2004.05.04"]

1. c4 e5 2. Nc3 Nf6 3. g3 c6 4. Nf3 e4 5. Nd4 d5 6. cxd5 cxd5 7. d3 Bc5 8. Nb3 Bb4 9. dxe4 Nxe4 10. Bd2 Qb6 11. e3 Bxc3 12. Bxc3 Nxc3 13. bxc3 Nc6 14. Bg2 O-O 15. O-O Rd8 16. Qh5 Ne7 17. Rfd1 Bf5 18. Qh4 Qc7 19. Nd4 Bg6 20. Nb5 Qc5 21. Qb4 Rdc8 22. Nd6 a5 23. Qxc5 Rxc5 24. c4 dxc4 25. Nxb7 Rc7 26. Nd6 Rb8 27. Rac1 Bd3 28. h3 Nf5 29. Nb5 Rxb5 30. Rxd3 Kf8 31. Rd5 Rxd5 32. Bxd5 Rc5 33. e4 c3 34. f4 Nxg3 35. Kf2 Nh5 36. Ke3 Nf6 37. Kd4 Rc7 38. Bb3 Nh5 39. f5 Nf4 40. Bc4 Nxh3 41. Rxc3 Ng5 42. e5 Ke7 43. Ra3 f6 44. e6 g6 45. Rxa5 gxf5 46. Rxf5 Nxe6+ 47. Kc3 Rc5 48. Rf2 h5 49. Kb4 Re5 50. a4 Nd4 51. Kc3 Nf5 52. Ra2 Ne3 53. Bb3 Nd5+ 54. Kc4 Kd6 55. Kd4 h4 56. Rh2 Ne7 57. Kc3 Re3+ 58. Kc4 h3 59. Bc2 Ke5 60. a5 Nd5 61. Bd3 Nf4 62. Bf1 Rf3 63. Rh1 Ra3 64. Kb4 Ra1 65. Kb5 Nd5 66. Bg2 Rxa5+ 67. Kxa5 hxg2 68. Rg1 Ne3 69. Kb4 Ke4 70. Kc3 Kf3 71. Kd3 Kf2 72. Rxg2+ Nxg2 73. Ke4 Ne3 74. Kf4 f5 0-1

[Event "NED Ch Open"]
[Site "Dieren NED"]
[Date "1985.??.??"]
[Round "9"]
[White "Campora, Daniel H"]
[Black "Sunye Neto, Jaime"]
[Result "1/2-1/2"]
[WhiteElo "2485"]
[BlackElo "2510"]
[PlyCount "47"]
[EventDate "1985.??.??"]
[Source "www.chesslib.no"]
[SourceDate "2004.05.04"]

1. c4 e5 2. Nc3 Nf6 3. g3 c6 4. Bg2 d5 5. cxd5 cxd5 6. d3 Nc6 7. Nf3 Be7 8. O-O O-O 9. a3 h6 10. b4 d4 11. Na4 Bd6 12. Nd2 Be6 13. Bb2 Qd7 14. Rc1 Bh3 15. Nc5 Bxc5 16. Rxc5 Bxg2 17. Kxg2 b6 18. Rc1 Nd5 19. Qb3 Nce7 20. Nf3 Ng6 21. Kh1 Rac8 22. Rxc8 Rxc8 23. Rc1 Rxc1+ 24. Bxc1 1/2-1/2

[Event "Magistral Int"]
[Site "Buenos Aires"]
[Date "1998.??.??"]
[Round "?"]
[White "Rojas, Luis"]
[Black "Spangenberg, Hugo"]
[Result "0-1"]
[WhiteElo "2455"]
[BlackElo "2530"]
[PlyCount "80"]
[EventDate "1998.??.??"]
[Source "www.chesslib.no"]
[SourceDate "2004.05.04"]

1. c4 e5 2. Nc3 Nf6 3. g3 c6 4. Nf3 e4 5. Nd4 d5 6. cxd5 cxd5 7. d3 Bc5 8. Nb3 Bb4 9. d4 h6 10. Bg2 O-O 11. O-O Nc6 12. h3 Bd6 13. Be3 Bf5 14. Nb5 Bb8 15. Qd2 Ne7 16. Kh2 Ng6 17. Rfc1 a6 18. Nc3 h5 19. Bg5 h4 20. Qe3 Qd6 21. Bxf6 gxf6 22. a4 Kg7 23. a5 hxg3+ 24. fxg3 Rh8 25. Nc5 Rh5 26. N3a4 Rg5 27. Ra3 Rxg3 28. Qxg3 Qc6 29. Nb6 Bxg3+ 30. Rxg3 Rh8 31. Rcc3 Qb5 32. Bf1 Qxa5 33. Nxd5 Qd8 34. Ne3 Bc8 35. Nxe4 f5 36. Nd6 Qxd6 37. Rxc8 Rh5 38. Rc5 f4 39. Rxh5 fxg3+ 40. Kg1 Qxd4 0-1

[Event "Sukhumi"]
[Site "Sukhumi"]
[Date "1972.08.16"]
[Round "1"]
[White "Kholmov, Ratmir D"]
[Black "Beliavsky, Alexander G"]
[Result "1/2-1/2"]
[WhiteElo "2550"]
[BlackElo "2420"]
[PlyCount "102"]
[EventDate "1972.??.??"]
[Source "www.chesslib.no"]
[SourceDate "2004.05.04"]

1. c4 e5 2. Nc3 Nf6 3. g3 c6 4. Nf3 e4 5. Nd4 d5 6. cxd5 Qb6 7. Nc2 cxd5 8. Bg2 Bf5 9. d3 exd3 10. exd3 Bg4 11. Nxd5 Bxd1 12. Nxb6 Bxc2 13. Nxa8 Kd7 14. Be3 Nc6 15. Kd2 Ba4 16. Bh3+ Kd8 17. a3 Nd5 18. b3 Bb5 19. Rhc1 Nxe3 20. fxe3 Bd6 21. b4 Ne7 22. Rc3 Bd7 23. Bg2 Bc6 24. b5 Bxb5 25. Rb1 Bc6 26. Bh3 f5 27. Rxc6 bxc6 28. Rb7 Kc8 29. Rxa7 Kb8 30. Rd7 Bxa3 31. Nb6 Re8 32. d4 Bb4+ 33. Kd3 Ba5 34. Nc4 Bc7 35. Nd6 Bxd6 36. Rxd6 Kc7 37. Re6 Kd7 38. Re5 g6 39. e4 Rf8 40. Ra5 Ke6 41. exf5+ gxf5 42. g4 fxg4 43. Bxg4+ Kd6 44. Rh5 Rf4 45. h3 Rf7 46. Rh6+ Kc7 47. Be6 Rg7 48. Ke4 Rg6 49. Rxg6 Nxg6 50. Bg8 h6 51. Bf7 Nh4 1/2-1/2

[Event "Montpellier op-A"]
[Site "?"]
[Date "2001.??.??"]
[Round "6.3"]
[White "Shirazi Kamran G"]
[Black "Hamdouchi Hichem"]
[Result "0-1"]
[WhiteElo "2432"]
[BlackElo "2533"]
[PlyCount "72"]
[EventDate "2001.??.??"]
[Source "www.chesslib.no"]
[SourceDate "2004.05.04"]

1. c4 Nf6 2. Nc3 e5 3. g3 c6 4. d4 exd4 5. Qxd4 d5 6. Bg2 Be6 7. cxd5 cxd5 8. Nf3 Nc6 9. Qa4 Bc5 10. O-O O-O 11. Ng5 Qe7 12. a3 h6 13. Nxe6 fxe6 14. b4 Bb6 15. Bb2 Ng4 16. Nd1 Qg5 17. e3 d4 18. exd4 Nxd4 19. Bxd4 Bxd4 20. Ra2 Rad8 21. Qb3 Rf6 22. Kh1 h5 23. Bxb7 h4 24. gxh4 Qxh4 25. Qg3 Qh5 26. f4 Rg6 27. Bf3 Qf5 28. Rd2 Nxh2 29. Qxh2 Rh6 30. Qxh6 gxh6 31. Ne3 Qxf4 32. Rg2+ Kh8 33. Ng4 Rc8 34. Nxh6 Rc1 35. Nf7+ Qxf7 36. Rxc1 Qxf3 0-1

[Event "Biel Open"]
[Site "Biel SUI"]
[Date "1989.??.??"]
[Round "11"]
[White "Fauland, Alexander"]
[Black "Groszpeter, Attila"]
[Result "1/2-1/2"]
[WhiteElo "2450"]
[BlackElo "2515"]
[PlyCount "39"]
[EventDate "1989.07.??"]
[Source "www.chesslib.no"]
[SourceDate "2004.05.04"]

1. c4 e5 2. Nc3 Nf6 3. g3 c6 4. d4 exd4 5. Qxd4 d5 6. cxd5 cxd5 7. Bg2 Nc6 8. Qa4 Be7 9. Nf3 Qb6 10. O-O O-O 11. Qb5 Be6 12. Be3 Qxb5 13. Nxb5 Rfc8 14. Rac1 a6 15. Nbd4 Nd7 16. Rfd1 Nxd4 17. Bxd4 Bf6 18. Bxf6 Nxf6 19. Nd4 Kf8 20. Kf1 1/2-1/2

[Event "Magistral de Badalona"]
[Site "Badalona"]
[Date "2001.??.??"]
[Round "5"]
[White "Vidarte Morales, Arturo"]
[Black "Narciso Dublan, Marc"]
[Result "1/2-1/2"]
[WhiteElo "2407"]
[BlackElo "2529"]
[PlyCount "87"]
[EventDate "2001.03.??"]
[Source "www.chesslib.no"]
[SourceDate "2004.05.04"]

1. c4 Nf6 2. Nc3 e5 3. g3 c6 4. Nf3 e4 5. Nd4 g6 6. Bg2 Bg7 7. O-O O-O 8. d3 exd3 9. Qxd3 Na6 10. b3 d5 11. cxd5 Nb4 12. Qc4 Nbxd5 13. Nxd5 Nxd5 14. Bxd5 cxd5 15. Qd3 Re8 16. Be3 h5 17. Rfd1 h4 18. Rac1 hxg3 19. hxg3 Re5 20. Bf4 Rh5 21. Qf3 Qb6 22. Bc7 Qa6 23. a4 Bd7 24. Bf4 Rc8 25. Rxc8+ Bxc8 26. Qe3 Bd7 27. f3 Qf6 28. g4 Rh7 29. g5 Qd8 30. Rc1 Rh4 31. Rc5 Bxd4 32. Qxd4 Qxg5+ 33. Bxg5 Rxd4 34. Rc7 Bc6 35. Bf6 Rd1+ 36. Kf2 g5 37. b4 a6 38. b5 axb5 39. axb5 Bxb5 40. Rxb7 Bc4 41. Bxg5 Kg7 42. Rb6 Rh1 43. Bf6+ Kh7 44. e4 1/2-1/2

[Event "YUG-ch"]
[Site "?"]
[Date "1978.02.03"]
[Round "12"]
[White "Raicevic Vladimir"]
[Black "Ivanovic Bozidar"]
[Result "1/2-1/2"]
[WhiteElo "2470"]
[BlackElo "2460"]
[PlyCount "86"]
[EventDate "1978.??.??"]
[Source "www.chesslib.no"]
[SourceDate "2004.05.04"]

1. c4 Nf6 2. Nc3 e5 3. g3 c6 4. Nf3 e4 5. Nd4 Qb6 6. Nc2 Bc5 7. Ne3 Bxe3 8. dxe3 O-O 9. Bg2 Re8 10. b3 d5 11. cxd5 cxd5 12. O-O Qa5 13. Bb2 Nc6 14. Qd2 Bg4 15. h3 Be6 16. Rfd1 Rad8 17. Rac1 d4 18. Nxe4 Nxe4 19. Qxa5 Nxa5 20. Bxe4 Bxh3 21. f3 dxe3 22. g4 h5 23. Rxd8 Rxd8 24. Rc5 Nc6 25. Rxh5 Rd1+ 26. Kh2 Bf1 27. Rg5 g6 28. Bxc6 bxc6 29. Re5 f5 30. Re6 fxg4 31. Rxg6+ Kf7 32. Rf6+ Ke7 33. fxg4 Bxe2 34. g5 Bd3 35. Ba3+ Kd7 36. Bb4 c5 37. Bxc5 e2 38. Rf7+ Ke8 39. Rf8+ Kd7 40. Rf7+ Kc6 41. Bb4 e1=Q 42. Bxe1 Rxe1 43. Rxa7 Re5 1/2-1/2

[Event "Cappelle op 16th"]
[Site "Cappelle la Grande"]
[Date "2000.02.??"]
[Round "3"]
[White "Voiska, Margarita"]
[Black "Shneider, Aleksandr"]
[Result "1/2-1/2"]
[WhiteElo "2366"]
[BlackElo "2551"]
[PlyCount "115"]
[EventDate "2000.02.19"]
[Source "ChessBase"]
[SourceDate "2000.03.10"]

1. c4 Nf6 2. Nc3 e5 3. g3 c6 4. Qa4 Bc5 5. Bg2 O-O 6. b4 Be7 7. Qb3 d6 8. Rb1 Be6 9. Nf3 h6 10. O-O Nbd7 11. d3 d5 12. cxd5 cxd5 13. Qb2 Rc8 14. Bd2 d4 15. Na4 b6 16. Rfc1 Nd5 17. e4 dxe3 18. fxe3 Bd6 19. Rxc8 Qxc8 20. Nc3 N5f6 21. d4 e4 22. Ne1 Bf5 23. Nc2 h5 24. Rf1 Bh7 25. Bh3 Ng4 26. Nd5 Qc4 27. Bxg4 hxg4 28. Qb3 Qd3 29. Rf2 Qxb3 30. axb3 b5 31. Na3 a6 32. Nb1 Rc8 33. Nbc3 f5 34. Rf1 Rc6 35. Kg2 g6 36. h3 gxh3+ 37. Kxh3 Kg7 38. g4 Nf6 39. Nxf6 Kxf6 40. gxf5 gxf5 41. Nxe4+ Ke7 42. Nc5 Bc7 43. e4 fxe4 44. d5 Rg6 45. Nxe4 Bg8 46. Bg5+ Rxg5 47. Nxg5 Bxd5 48. Re1+ Kd6 49. Ne4+ Kc6 50. Rc1+ Kb6 51. Nc5 Bd6 52. Kg4 a5 53. bxa5+ Kxa5 54. Rd1 Bxc5 55. Rxd5 Kb4 56. Kf3 Be7 57. Ke4 Kxb3 58. Rxb5+ 1/2-1/2

[Event "SUI-chT 2003"]
[Site "SUI"]
[Date "2003.03.02"]
[Round "1.2"]
[White "Nemet, Ivan"]
[Black "Ekstroem, Roland"]
[Result "1/2-1/2"]
[WhiteElo "2438"]
[BlackElo "2476"]
[PlyCount "94"]
[EventDate "2003.03.02"]
[Source "Roberto Alvarez"]
[SourceDate "2003.03.17"]

1. c4 Nf6 2. Nc3 e5 3. g3 c6 4. d4 exd4 5. Qxd4 d5 6. Nf3 Be7 7. cxd5 cxd5 8. Bg2 Nc6 9. Qa4 O-O 10. O-O Qb6 11. Qb5 Rd8 12. Rd1 Be6 13. Be3 Qxb5 14. Nxb5 Ne4 15. Rac1 Bf6 16. Nfd4 Nxd4 17. Bxd4 a6 18. Bxf6 Nxf6 19. Nc7 Rac8 20. Nxd5 Nxd5 21. Rxc8 Rxc8 22. Bxd5 Rd8 23. e4 Kf8 24. Kg2 Ke7 25. Kf3 Bxd5 26. Rxd5 Rc8 27. Ke3 Rc2 28. Rd2 Rc1 29. f4 h5 30. e5 b5 31. f5 Rf1 32. Rf2 Ra1 33. a3 b4 34. axb4 Ra4 35. Rf4 Ra2 36. f6+ gxf6 37. Rxf6 Rxb2 38. Rxa6 Rxh2 39. Kf4 h4 40. Ra7+ Ke6 41. Ra6+ Ke7 42. Rb6 Rf2+ 43. Kg4 hxg3 44. Kxg3 Rf5 45. Rb5 Ke6 46. Kg4 Rxe5 47. Rxe5+ Kxe5 1/2-1/2